000
00250nam a22000977a 4500
008
221031b |||||||| |||| 00| 0 eng d
020
_a
9788194192633
100
_a
Sharma R.D
245
_a
Mathematics-XI (Vol-2)
260
_a
New Delhi
_b
Dhanpat
_c
2022-2023
999
_c
12103
_d
12103